The South African Law Reports (Record no. 2256)

MARC details
000 -LEADER
fixed length control field 00449nam a22001577a 4500
005 - DATE AND TIME OF INPUT
control field 20240724135418.0
008 - DATA ELEMENTS--GENERAL INFORMATION
fixed length control field 240724b |||||||| |||| 00| 0 eng d
041 ## - LANGUAGE CODE
Language code of text English
082 ## - SHELF NUMBER
DDC number 349 SOU
100 ## - MAIN AUTHOR
Language of a work English
245 ## - TITLE STATEMENT
Title The South African Law Reports
260 ## - PUBLICATION, DISTRIBUTION, ETC.
Place of publication, distribution, etc. Cape Town :
Name of publisher, distributor, etc. Juta and Company Ltd,
Date of publication, distribution, etc. 1926
300 ## - PHYSICAL DESCRIPTION
Other physical details xii, 504 pages ;
Dimensions 25 cm.
650 ## - SUBJECT`
Broad subject Legal practice
Own subject terms Law
942 ## - ADDED ENTRY ELEMENTS (KOHA)
Item type Books
942 ## - ADDED ENTRY ELEMENTS (KOHA)
-- ALISON_BN_VRIES
Holdings
Source of classification or shelving scheme Volume number (bound volume or other part) Not for loan Collection code Home library Current library Shelving location Date acquired Full call number Barcode Price effective from Koha item type
Dewey Decimal Classification Appellate Division 1926   SOUTH AFRICAN LAW REPORTS LAW SOCIETY OF NAMIBIA LIBRARY - WINDHOEK LAW SOCIETY OF NAMIBIA LIBRARY - WINDHOEK Appellate division 07/24/2024 349 SOU LSN/2023/3303 07/24/2024 Books